000 00998cam a2200313 a 4500
001 17494969
003 PILC
005 20150302084723.0
008 121015s2013 njuab b 001 0 eng
010 _a 2012041132
020 _a9780205917648
040 _aDLC
_cDLC
_dDLC
042 _apcc
050 0 0 _aP 35
_b.B6 2013
082 0 0 _a306.44
100 1 _aBonvillain, Nancy.
245 1 0 _aLanguage, culture, and communication :
_bthe meaning of messages /
_cNancy Bonvillain.
250 _a7th ed.
260 _aUpper Saddle River, NJ :
_bPearson,
_cc2013.
300 _ax, 406 pages :
_billustrations, maps ;
_c24 cm.
504 _aIncludes bibliographical references and index.
521 _aGeneral Education
650 0 _aLanguage and culture.
650 0 _aCommunication.
650 0 _aLinguistics.
906 _a7
_bcbc
_corignew
_d1
_eecip
_f20
_gy-gencatlg
942 _2lcc
_cBK
999 _c283668
_d283668